[Event "Budapest FS03 FM"]
[Site "Budapest"]
[Date "2017.03.14"]
[Round "10"]
[White "Bensaid, Simon"]
[Black "Nemeth, Zoltan"]
[Result "1/2-1/2"]
[WhiteElo "1944"]
[BlackElo "2267"]
[PlyCount "123"]
[EventDate "2017.03.04"]
[EventType "tourn"]
[EventRounds "10"]
[EventCountry "HUN"]
[SourceTitle "CBM 177 Extra"]
[Source "ChessBase"]
[SourceDate "2017.04.27"]
[SourceVersion "1"]
[SourceVersionDate "2017.04.27"]
[SourceQuality "1"]

1. e4 e5 2. Nf3 Nc6 3. Bb5 g6 4. 0-0 Bg7 5. c3 a6 6. Ba4 d6 7. d4 Bd7 8. Re1 h6 9. Nbd2 Nge7 10. d5 Nb8 11. Bc2 Bg4 12. h3 Bxf3 13. Qxf3 0-0 14. c4 Nd7 15. Nf1 f5 16. Ng3 f4 17. Ne2 Nf6 18. Bd2 g5 19. b4 Ng6 20. Nc3 Qd7 21. Qd3 g4 22. hxg4 Qxg4 23. Bd1 Qg5 24. Qh3 Rf7 25. c5 Bf8 26. c6 b6 27. a4 Rg7 28. Bf3 Nh4 29. Kf1 Nxf3 30. gxf3 Re8 31. Ke2 Qh5 32. Qxh5 Nxh5 33. a5 b5 34. Rg1 Rxg1 35. Rxg1+ Kf7 36. Kf1 Nf6 37. Ne2 Be7 38. Kg2 Nh7 39. Rh1 Rg8+ 40. Kf1 Rg6 41. Bc3 Bf8 42. Rh5 Bg7 43. Rf5+ Ke7 44. Rh5 Ng5 45. Ng1 Bf8 46. Bb2 Rg8 47. Rh4 Kf7 48. Rh1 Kg6 49. Ke2 Kh7 50. Bc3 Be7 51. Nh3 Nxh3 52. Rxh3 Rg1 53. Be1 Kg6 54. Kd2 Rg5 55. Ke2 Rg1 56. Kd2 h5 57. Ke2 h4 58. Kd2 Bg5 59. Ke2 Kh5 60. Kd2 Bh6 61. Ke2 Rg8 62. Bd2 1/2-1/2

[Event "Budapest FS03 FM"]
[Site "Budapest"]
[Date "2017.03.13"]
[Round "9"]
[White "Frost, Peter"]
[Black "Bensaid, Simon"]
[Result "1/2-1/2"]
[WhiteElo "1939"]
[BlackElo "1944"]
[PlyCount "66"]
[EventDate "2017.03.04"]
[EventType "tourn"]
[EventRounds "10"]
[EventCountry "HUN"]
[SourceTitle "CBM 177 Extra"]
[Source "ChessBase"]
[SourceDate "2017.04.27"]
[SourceVersion "1"]
[SourceVersionDate "2017.04.27"]
[SourceQuality "1"]

1. b3 d5 2. e3 Nf6 3. Bb2 g6 4. Nf3 Bg7 5. Be2 0-0 6. 0-0 Ne4 7. Bxg7 Kxg7 8. d3 Nf6 9. c4 Nc6 10. cxd5 Nxd5 11. a3 Qd6 12. Qc2 Qf6 13. d4 Bf5 14. Qb2 g5 15. Nbd2 g4 16. Ne5 Nxe5 17. dxe5 Qg6 18. Rfe1 Be6 19. Rac1 Rad8 20. e4 Nf4 21. Rxc7 Nh3+ 22. Kf1 Qg5 23. Nb1 Nxf2 24. Kxf2 Qh4+ 25. Kf1 f5 26. Qc3 Qxh2 27. Rxe7+ Kg8 28. Rxe6 Qh1+ 29. Kf2 fxe4+ 30. Rf6 Qh4+ 31. Kf1 Qh1+ 32. Kf2 Qh4+ 33. Kf1 Qh1+ 1/2-1/2

[Event "Budapest FS03 FM"]
[Site "Budapest"]
[Date "2017.03.10"]
[Round "7"]
[White "Bensaid, Simon"]
[Black "Zoltan, Andras"]
[Result "0-1"]
[WhiteElo "1944"]
[BlackElo "1886"]
[PlyCount "84"]
[EventDate "2017.03.04"]
[EventType "tourn"]
[EventRounds "10"]
[EventCountry "HUN"]
[SourceTitle "CBM 177 Extra"]
[Source "ChessBase"]
[SourceDate "2017.04.27"]
[SourceVersion "1"]
[SourceVersionDate "2017.04.27"]
[SourceQuality "1"]

1. e4 e5 2. Nf3 Nc6 3. Bb5 Nge7 4. Nc3 d6 5. d4 exd4 6. Nxd4 Bd7 7. Bg5 Nxd4 8. Qxd4 Bxb5 9. Nxb5 a6 10. Nc3 Nc6 11. Qe3 Be7 12. Bxe7 Qxe7 13. Nd5 Qd7 14. Qg5 f6 15. Qh5+ Kd8 16. 0-0 Ne7 17. Ne3 Qe6 18. f3 g6 19. Qh6 Kd7 20. c4 Rag8 21. b4 g5 22. Rfe1 Rg6 23. Qh5 Nc6 24. b5 axb5 25. cxb5 Ne5 26. Red1 Nc4 27. Nd5 c6 28. bxc6+ bxc6 29. Nc3 Qe5 30. Rac1 g4 31. Qf5+ Kc7 32. Na4 Ne3 33. Rxc6+ Kxc6 34. Rc1+ Kb5 35. Qd7+ Ka5 36. Qc7+ Kxa4 37. Qa7+ Qa5 38. Qxe3 Rb8 39. Rc4+ Rb4 40. Qb3+ Kb5 41. Rxb4+ Qxb4 42. a4+ Ka5 0-1

[Event "Budapest FS03 FM"]
[Site "Budapest"]
[Date "2017.03.05"]
[Round "2"]
[White "Zoltan, Andras"]
[Black "Bensaid, Simon"]
[Result "1-0"]
[WhiteElo "1886"]
[BlackElo "1944"]
[PlyCount "52"]
[EventDate "2017.03.04"]
[EventType "tourn"]
[EventRounds "10"]
[EventCountry "HUN"]
[SourceTitle "CBM 177 Extra"]
[Source "ChessBase"]
[SourceDate "2017.04.27"]
[SourceVersion "1"]
[SourceVersionDate "2017.04.27"]
[SourceQuality "1"]

1. e4 c5 2. Nf3 Nc6 3. Bb5 e6 4. Bxc6 bxc6 5. 0-0 d6 6. Re1 Qc7 7. c4 e5 8. d3 Be7 9. h3 f5 10. exf5 Bxf5 11. Nc3 h6 12. Ne4 g5 13. Nxc5 dxc5 14. Nxe5 Nf6 15. Qf3 Be4 16. Rxe4 Nxe4 17. Qh5+ Kd8 18. Nf7+ Kc8 19. Nxh8 Nf6 20. Qxh6 Kb7 21. Bxg5 Qe5 22. Ng6 Qxb2 23. Re1 Ng8 24. Qh7 Qc3 25. Rb1+ Ka6 26. Nxe7 Qxd3 1-0

[Event "Krakow op-A 27th"]
[Site "Krakow"]
[Date "2017.01.02"]
[Round "7"]
[White "Antolak, Julia"]
[Black "Bensaid, Simon"]
[Result "1-0"]
[WhiteElo "2086"]
[BlackElo "1942"]
[PlyCount "37"]
[EventDate "2016.12.27"]
[EventType "swiss"]
[EventRounds "9"]
[EventCountry "POL"]
[SourceTitle "CBM 176 Extra"]
[Source "ChessBase"]
[SourceDate "2017.03.02"]
[SourceVersion "1"]
[SourceVersionDate "2017.03.02"]
[SourceQuality "1"]

1. e4 c5 2. Nf3 e6 3. d4 cxd4 4. Nxd4 Nc6 5. Nc3 Nf6 6. Ndb5 d6 7. Bf4 e5 8. Bg5 a6 9. Na3 Be6 10. Nc4 Rb8 11. a4 Nb4 12. Ne3 Be7 13. Be2 0-0 14. 0-0 Qa5 15. Qd2 Rbc8 16. Rfd1 Rfd8 17. Bxf6 Bxf6 18. Ncd5 Nc6 19. b4 1-0

[Event "Krakow op-A 27th"]
[Site "Krakow"]
[Date "2016.12.27"]
[Round "1"]
[White "Bensaid, Simon"]
[Black "Miroshnichenko, Pavel"]
[Result "0-1"]
[WhiteElo "1942"]
[BlackElo "2263"]
[PlyCount "60"]
[EventDate "2016.12.27"]
[EventType "swiss"]
[EventRounds "9"]
[EventCountry "POL"]
[SourceTitle "CBM 176 Extra"]
[Source "ChessBase"]
[SourceDate "2017.03.02"]
[SourceVersion "1"]
[SourceVersionDate "2017.03.02"]
[SourceQuality "1"]

1. e4 e5 2. Nf3 Nc6 3. Bb5 a6 4. Ba4 Nf6 5. d3 b5 6. Bb3 Be7 7. a4 b4 8. Nbd2 0-0 9. 0-0 d6 10. Re1 h6 11. c3 Rb8 12. Nc4 Be6 13. d4 exd4 14. Nxd4 Bd7 15. Nxc6 Bxc6 16. f3 bxc3 17. bxc3 Nd7 18. Na5 Ba8 19. Be3 Bh4 20. Re2 Bg5 21. Qc2 Bxe3+ 22. Rxe3 Qg5 23. Nc4 Qc5 24. Kf2 d5 25. Nd2 dxe4 26. Nxe4 Bxe4 27. fxe4 Rb6 28. Rd1 Nf6 29. h3 Rfb8 30. e5 Rxb3 0-1

[Event "Hoogeveen Unive op 20th"]
[Site "Hoogeveen"]
[Date "2016.10.21"]
[Round "8"]
[White "Bos, Robin"]
[Black "Bensaid, Simon"]
[Result "1/2-1/2"]
[WhiteElo "2025"]
[BlackElo "1983"]
[PlyCount "110"]
[EventDate "2016.10.15"]
[EventType "swiss"]
[EventRounds "9"]
[EventCountry "NED"]
[SourceTitle "EXT 2017"]
[Source "ChessBase"]
[SourceDate "2016.10.25"]
[SourceVersion "1"]
[SourceVersionDate "2016.10.25"]
[SourceQuality "1"]

1. e4 c5 2. Nf3 Nc6 3. d4 cxd4 4. Nxd4 Nf6 5. Nc3 d6 6. Be3 Ng4 7. Bg5 h6 8. Bc1 Qb6 9. Bb5 e5 10. Nd5 Qxd4 11. Qxd4 exd4 12. Nc7+ Kd8 13. Nxa8 Bd7 14. Bf4 Nb4 15. Bxd7 Kxd7 16. 0-0-0 Nxf2 17. Rxd4 Nc6 18. Rd2 Nxh1 19. e5 g5 20. Be3 b6 21. exd6 Bxd6 22. Nxb6+ axb6 23. Bxb6 Re8 24. Rd1 Re2 25. Bc5 Re6 26. Bxd6 Rxd6 27. Rxh1 Rf6 28. c3 Rf2 29. Rd1+ Ke6 30. Rd2 Rf1+ 31. Kc2 Rh1 32. h3 Ra1 33. a3 f5 34. c4 Ke5 35. Rd5+ Ke4 36. Rd6 Nd4+ 37. Kc3 Rc1+ 38. Kb4 Rc2 39. Kc5 Nb3+ 40. Kb4 Nd4 41. Kc5 Nb3+ 42. Kb4 Nc1 43. Rxh6 Rxb2+ 44. Kc3 Rxg2 45. c5 Rg3+ 46. Kc4 Rxa3 47. c6 f4 48. Re6+ Kf3 49. Rg6 Ne2 50. Rxg5 Ke4 51. Rg8 Rxh3 52. Re8+ Kf3 53. c7 Rh1 54. c8Q Rc1+ 55. Kd3 Rd1+ 1/2-1/2

[Event "Hoogeveen Unive op 20th"]
[Site "Hoogeveen"]
[Date "2016.10.16"]
[Round "2"]
[White "Schut, Han"]
[Black "Bensaid, Simon"]
[Result "1-0"]
[WhiteElo "2128"]
[BlackElo "1983"]
[PlyCount "67"]
[EventDate "2016.10.15"]
[EventType "swiss"]
[EventRounds "9"]
[EventCountry "NED"]
[SourceTitle "EXT 2017"]
[Source "ChessBase"]
[SourceDate "2016.10.25"]
[SourceVersion "1"]
[SourceVersionDate "2016.10.25"]
[SourceQuality "1"]

1. e4 c5 2. Nf3 Nc6 3. d4 cxd4 4. Nxd4 Nf6 5. Nc3 d6 6. Bg5 Bd7 7. Qd2 Rc8 8. f3 Nxd4 9. Qxd4 Qa5 10. Bd2 Qc5 11. Qxc5 dxc5 12. e5 Ng8 13. 0-0-0 g6 14. Bc4 Nh6 15. Bf4 a6 16. Rhe1 Be6 17. Bd5 Rc7 18. Ne4 Bg7 19. Nf6+ Kf8 20. Bxb7 exf6 21. exf6 Rd7 22. Rxd7 Bxd7 23. Bd6+ Kg8 24. fxg7 Kxg7 25. Re7 Kf6 26. Rxd7 Ke6 27. Bc6 Nf5 28. Bc7 Nd4 29. Ba4 Rc8 30. Bg3 h5 31. Rd6+ Ke7 32. Rxa6 g5 33. Bd6+ Ke6 34. Bxc5+ 1-0

[Event "Hoogeveen Unive op 20th"]
[Site "Hoogeveen"]
[Date "2016.10.15"]
[Round "1"]
[White "Bensaid, Simon"]
[Black "Heemskerk, Wim"]
[Result "0-1"]
[WhiteElo "1983"]
[BlackElo "2243"]
[PlyCount "82"]
[EventDate "2016.10.15"]
[EventType "swiss"]
[EventRounds "9"]
[EventCountry "NED"]
[SourceTitle "EXT 2017"]
[Source "ChessBase"]
[SourceDate "2016.10.25"]
[SourceVersion "1"]
[SourceVersionDate "2016.10.25"]
[SourceQuality "1"]

1. e4 e6 2. d4 d5 3. Nc3 Bb4 4. e5 c5 5. a3 Bxc3+ 6. bxc3 Qa5 7. Bd2 Qa4 8. Qb1 c4 9. g3 Nc6 10. Bh3 Bd7 11. f4 0-0-0 12. Nf3 Nge7 13. 0-0 h6 14. Ra2 Rdg8 15. Qe1 Kb8 16. Qe2 Ka8 17. Rb1 Bc8 18. Kh1 Qa5 19. a4 Qd8 20. Rb5 Nf5 21. Be1 g5 22. g4 Nfe7 23. fxg5 hxg5 24. Bg2 Ng6 25. Bg3 Nf4 26. Qd2 f6 27. Bxf4 gxf4 28. Qxf4 fxe5 29. dxe5 Qe8 30. Rb1 Qg6 31. g5 Rf8 32. Qg3 Ne7 33. Rg1 Rh5 34. Bh3 Qe4 35. Bg2 Nf5 36. Qf2 Qf4 37. Bf1 Nh4 38. Qxh4 Rxh4 39. Nxh4 Qxh4 40. g6 Rg8 41. g7 Qe4+ 0-1

[Event "Slask-ch Bak Memorial"]
[Site "Chorzow"]
[Date "2016.09.18"]
[Round "3"]
[White "Piesik, Piotr"]
[Black "Bensaid, Simon"]
[Result "1-0"]
[WhiteElo "2298"]
[BlackElo "1970"]
[PlyCount "53"]
[EventDate "2016.09.17"]
[EventType "swiss"]
[EventRounds "9"]
[EventCountry "POL"]
[SourceTitle "EXT 2018"]
[Source "ChessBase"]
[SourceDate "2017.10.13"]
[SourceVersion "1"]
[SourceVersionDate "2017.10.13"]
[SourceQuality "1"]

1. Nf3 Nf6 2. g3 d5 3. Bg2 Bg4 4. 0-0 c6 5. d3 Nbd7 6. Nbd2 e5 7. e4 Bd6 8. a4 a5 9. Qe1 h6 10. exd5 cxd5 11. Nxe5 Nxe5 12. d4 0-0 13. dxe5 Re8 14. f4 Bc5+ 15. Kh1 Bf5 16. Nb3 Qb6 17. Nxc5 Qxc5 18. c3 Qc4 19. Be3 Ne4 20. Qd1 Bd7 21. Bd4 b5 22. axb5 Qxb5 23. f5 Qa6 24. Qh5 Qc8 25. e6 fxe6 26. Bxg7 exf5 27. Qg6 1-0

[Event "Budapest FS09 FM"]
[Site "Budapest"]
[Date "2016.09.12"]
[Round "10"]
[White "Bensaid, Simon"]
[Black "Takacs, Zsolt Otto"]
[Result "1-0"]
[WhiteElo "1970"]
[BlackElo "1797"]
[PlyCount "69"]
[EventDate "2016.09.03"]
[EventType "tourn"]
[EventRounds "10"]
[EventCountry "HUN"]
[SourceTitle "CBM 174 Extra"]
[Source "ChessBase"]
[SourceDate "2016.10.10"]
[SourceVersion "1"]
[SourceVersionDate "2016.10.10"]
[SourceQuality "1"]

1. e4 c5 2. Nf3 d6 3. d4 cxd4 4. Nxd4 Nf6 5. Nc3 a6 6. Bg5 b5 7. Bxf6 gxf6 8. Qh5 e6 9. Bd3 Qb6 10. 0-0-0 Bd7 11. Nce2 Qc5 12. Qh3 h5 13. f4 Nc6 14. Nxc6 Bxc6 15. Kb1 a5 16. f5 e5 17. Qh4 Be7 18. Qe1 b4 19. c3 Qe3 20. Qh4 0-0-0 21. Rhe1 Rdg8 22. Nd4 exd4 23. Rxe3 dxe3 24. Qe1 Rxg2 25. Qxe3 bxc3 26. Ba6+ Kd7 27. Qa7+ Ke8 28. Qb8+ Bd8 29. Qxd6 c2+ 30. Kc1 cxd1Q+ 31. Kxd1 Bd7 32. e5 Rhg8 33. e6 fxe6 34. Be2 e5 35. Bxh5+ 1-0

[Event "Budapest FS09 FM"]
[Site "Budapest"]
[Date "2016.09.09"]
[Round "7"]
[White "Reh, Philipp"]
[Black "Bensaid, Simon"]
[Result "1-0"]
[WhiteElo "2024"]
[BlackElo "1970"]
[PlyCount "51"]
[EventDate "2016.09.03"]
[EventType "tourn"]
[EventRounds "10"]
[EventCountry "HUN"]
[SourceTitle "CBM 174 Extra"]
[Source "ChessBase"]
[SourceDate "2016.10.10"]
[SourceVersion "1"]
[SourceVersionDate "2016.10.10"]
[SourceQuality "1"]

1. d4 d5 2. Nf3 Nf6 3. e3 e6 4. Bd3 c5 5. b3 Nc6 6. a3 cxd4 7. exd4 Bd6 8. Bb2 0-0 9. 0-0 Qc7 10. Re1 Bf4 11. Nbd2 Nd7 12. g3 Bh6 13. c4 b6 14. Qc2 g6 15. cxd5 exd5 16. b4 a6 17. Rac1 Bb7 18. Ne5 Ndxe5 19. dxe5 Qe7 20. f4 Bg7 21. Nf3 Rfd8 22. Nd4 Rac8 23. Qf2 a5 24. Nxc6 Bxc6 25. Qxb6 Qd7 26. Ba6 1-0

[Event "Budapest FS09 FM"]
[Site "Budapest"]
[Date "2016.09.07"]
[Round "5"]
[White "Takacs, Zsolt Otto"]
[Black "Bensaid, Simon"]
[Result "1/2-1/2"]
[WhiteElo "1797"]
[BlackElo "1970"]
[PlyCount "62"]
[EventDate "2016.09.03"]
[EventType "tourn"]
[EventRounds "10"]
[EventCountry "HUN"]
[SourceTitle "CBM 174 Extra"]
[Source "ChessBase"]
[SourceDate "2016.10.10"]
[SourceVersion "1"]
[SourceVersionDate "2016.10.10"]
[SourceQuality "1"]

1. e4 g6 2. d4 d6 3. h4 Nf6 4. Nc3 c6 5. Be2 h5 6. Nh3 b5 7. a3 Qb6 8. Ng5 Nbd7 9. Be3 Qc7 10. f4 Nb6 11. b3 a6 12. Qd2 Bg7 13. 0-0-0 a5 14. e5 Nfd5 15. Nxd5 Nxd5 16. e6 f5 17. Bf2 b4 18. a4 Bf6 19. Rde1 Nc3 20. Bd3 Ba6 21. Nf7 Rh7 22. g4 hxg4 23. h5 Bc8 24. hxg6 Rxh1 25. Rxh1 Bxe6 26. Rh7 Kd7 27. Ng5 Bxg5 28. fxg5 Rg8 29. g7 Qd8 30. Qf4 Qe8 31. Bxf5 Ne2+ 1/2-1/2

[Event "Budapest FS09 FM"]
[Site "Budapest"]
[Date "2016.09.03"]
[Round "1"]
[White "Bensaid, Simon"]
[Black "Ditze, Thomas"]
[Result "1/2-1/2"]
[WhiteElo "1970"]
[BlackElo "1896"]
[PlyCount "24"]
[EventDate "2016.09.03"]
[EventType "tourn"]
[EventRounds "10"]
[EventCountry "HUN"]
[SourceTitle "CBM 174 Extra"]
[Source "ChessBase"]
[SourceDate "2016.10.10"]
[SourceVersion "1"]
[SourceVersionDate "2016.10.10"]
[SourceQuality "1"]

1. e4 c6 2. d4 d5 3. f3 dxe4 4. fxe4 e5 5. Nf3 exd4 6. Qxd4 Qxd4 7. Nxd4 Nf6 8. e5 Nd5 9. Bd3 Bc5 10. Nf3 Bg4 11. Nbd2 Nd7 12. Ne4 Be7 1/2-1/2

[Event "Budapest FS08 FM-A"]
[Site "Budapest"]
[Date "2016.08.13"]
[Round "8"]
[White "Bensaid, Simon"]
[Black "Kovacs, Arthur"]
[Result "1/2-1/2"]
[WhiteElo "1928"]
[BlackElo "2026"]
[PlyCount "55"]
[EventDate "2016.08.06"]
[EventType "tourn"]
[EventRounds "10"]
[EventCountry "HUN"]
[SourceTitle "CBM 173 Extra"]
[Source "ChessBase"]
[SourceDate "2016.08.29"]
[SourceVersion "1"]
[SourceVersionDate "2016.08.29"]
[SourceQuality "1"]

1. e4 c6 2. d4 d5 3. e5 Bf5 4. h4 h5 5. c4 e6 6. Nc3 Ne7 7. Nge2 Bg4 8. f3 Bf5 9. Ng3 Bg6 10. Bg5 Qb6 11. Qd2 Nf5 12. Nxf5 Bxf5 13. a3 Nd7 14. cxd5 cxd5 15. Bd3 Bxd3 16. Qxd3 a6 17. Qe3 Be7 18. Bxe7 Kxe7 19. 0-0 Rhc8 20. Rf2 g6 21. f4 Rc4 22. Rd1 Rac8 23. f5 gxf5 24. Qg5+ Ke8 25. Qg8+ Ke7 26. Qg5+ Ke8 27. Qg8+ Ke7 28. Qg5+ 1/2-1/2

[Event "Budapest FS07 FM"]
[Site "Budapest"]
[Date "2016.07.09"]
[Round "8"]
[White "Baktiar, Hamd Mohammed"]
[Black "Bensaid, Simon"]
[Result "1-0"]
[WhiteElo "1905"]
[BlackElo "1865"]
[PlyCount "105"]
[EventDate "2016.07.02"]
[EventType "tourn"]
[EventRounds "10"]
[EventCountry "HUN"]
[SourceTitle "CBM 173 Extra"]
[Source "ChessBase"]
[SourceDate "2016.08.29"]
[SourceVersion "1"]
[SourceVersionDate "2016.08.29"]
[SourceQuality "1"]

1. Nf3 d5 2. g3 Nf6 3. Bg2 c6 4. 0-0 Bg4 5. d4 e6 6. Nbd2 Nbd7 7. b3 Bd6 8. c4 0-0 9. Bb2 Qe7 10. Qc2 Bf5 11. Qc1 h6 12. Re1 Rfd8 13. Nh4 Bh7 14. e4 dxe4 15. Nxe4 Nxe4 16. Bxe4 Bxe4 17. Rxe4 Qg5 18. Qxg5 hxg5 19. Nf3 Be7 20. Rd1 a5 21. Bc1 Nf6 22. Re2 g4 23. Ne5 a4 24. Bg5 axb3 25. axb3 Ra3 26. Rb2 Bb4 27. Rd3 c5 28. Nxg4 Rxd4 29. Rxd4 cxd4 30. Nxf6+ gxf6 31. Bxf6 d3 32. Kg2 d2 33. Rb1 Rxb3 34. Rd1 Rd3 35. Kf1 Rd7 36. Ke2 Rc7 37. Kd3 Rd7+ 38. Kc2 Bc5 39. f3 Be3 40. h4 Bf2 41. g4 Be1 42. h5 Rc7 43. Kd3 Rd7+ 44. Kc2 Rc7 45. Kd3 Rd7+ 46. Ke2 Rc7 47. Ra1 Rc8 48. c5 Kf8 49. Ra7 Ke8 50. Rxb7 Rxc5 51. Rb8+ Kd7 52. Rd8+ Kc7 53. h6 1-0

[Event "Budapest FS07 FM"]
[Site "Budapest"]
[Date "2016.07.07"]
[Round "6"]
[White "Bensaid, Simon"]
[Black "Kovacs, Istvan"]
[Result "0-1"]
[WhiteElo "1865"]
[BlackElo "2151"]
[PlyCount "100"]
[EventDate "2016.07.02"]
[EventType "tourn"]
[EventRounds "10"]
[EventCountry "HUN"]
[SourceTitle "CBM 173 Extra"]
[Source "ChessBase"]
[SourceDate "2016.08.29"]
[SourceVersion "1"]
[SourceVersionDate "2016.08.29"]
[SourceQuality "1"]

1. e4 c5 2. Nf3 e6 3. d4 cxd4 4. Nxd4 Nf6 5. Nc3 d6 6. g3 Be7 7. Bg2 0-0 8. 0-0 a6 9. a4 Qc7 10. Kh1 Nc6 11. Nb3 b6 12. f4 Rb8 13. g4 d5 14. e5 Nd7 15. g5 Nc5 16. Nd4 Nxd4 17. Qxd4 b5 18. axb5 axb5 19. f5 b4 20. f6 bxc3 21. fxe7 Qxe7 22. bxc3 Ba6 23. Re1 Rfc8 24. Ba3 Bc4 25. Reb1 Rxb1+ 26. Rxb1 g6 27. Bf1 Bxf1 28. Rxf1 Qc7 29. Qf4 Qb7 30. Qd4 Ne4 31. Bb4 Rc4 32. Qe3 d4 33. Qf3 dxc3 34. Rd1 h5 35. Rd8+ Kh7 36. Rb8 Nf2+ 37. Kg2 Qxf3+ 38. Kxf3 Ng4 39. Be7 Nxe5+ 40. Ke3 Rc7 41. Re8 Nd7 42. Kd4 h4 43. Bd6 Rc6 44. Be7 e5+ 45. Kd5 Re6 46. Ke4 h3 47. Rc8 Rxe7 48. Rxc3 f5+ 49. Kd5 Nf8 50. Rxh3+ Kg7 0-1

[Event "Budapest FS06 FM"]
[Site "Budapest"]
[Date "2016.06.10"]
[Round "7"]
[White "Juracsik, Jozsef"]
[Black "Bensaid, Simon"]
[Result "1/2-1/2"]
[WhiteElo "2107"]
[BlackElo "1886"]
[PlyCount "203"]
[EventDate "2016.06.04"]
[EventType "tourn"]
[EventRounds "10"]
[EventCountry "HUN"]
[SourceTitle "CBM 172 Extra"]
[Source "ChessBase"]
[SourceDate "2016.06.21"]
[SourceVersion "1"]
[SourceVersionDate "2016.06.21"]
[SourceQuality "1"]

1. f4 d5 2. Nf3 Nf6 3. b3 g6 4. Bb2 Bg7 5. c4 0-0 6. g3 c5 7. cxd5 Nxd5 8. Bxg7 Kxg7 9. Qc1 b6 10. Bg2 Bb7 11. Nc3 Nf6 12. Qb2 Nc6 13. Ne5 Qc8 14. 0-0 Nxe5 15. fxe5 Ng4 16. Nd5 Qb8 17. e6+ f6 18. Rf4 Qe5 19. d4 cxd4 20. Qxd4 Rad8 21. Qxe5 Nxe5 22. Rd4 Bxd5 23. Bxd5 Rc8 24. Bc4 f5 25. Rad1 Kf6 26. Kf2 a5 27. h3 Rc5 28. Bd5 Rd8 29. a4 Nc6 30. Bxc6 Rxd4 31. Rxd4 Rxc6 32. b4 Ke5 33. Rh4 axb4 34. Rxb4 Kxe6 35. Rb5 Kd7 36. a5 bxa5 37. Rxa5 Ke6 38. h4 Kf6 39. Rb5 Rc1 40. Rb8 Rc4 41. Kf3 h6 42. Rh8 Kg7 43. Ra8 Rd4 44. Re8 Rd7 45. Kf4 Kf6 46. Rf8+ Ke6 47. Rh8 Kf6 48. Rf8+ Kg7 49. Re8 Rd4+ 50. Kf3 Re4 51. Ra8 Re6 52. Re8 Kf7 53. Rh8 g5 54. hxg5 hxg5 55. Ra8 Kf6 56. Ra5 g4+ 57. Kf2 Re4 58. Rb5 Re6 59. Ra5 Kg5 60. Rb5 Kf6 61. Ra5 Rc6 62. Rb5 e6 63. Ra5 Rc7 64. Rb5 Rh7 65. Kg2 Ra7 66. Kf2 Ra6 67. Rc5 Ke7 68. Rb5 Kd6 69. Ke3 Ra3+ 70. Kf4 Ra4+ 71. Ke3 Rc4 72. Ra5 Rc5 73. Ra3 Kd5 74. Rd3+ Ke5 75. Ra3 Rd5 76. Ra6 Kf6 77. Rb6 Re5+ 78. Kf2 Kg5 79. Rb8 Re4 80. Rg8+ Kf6 81. Ra8 Ke5 82. Ra5+ Kf6 83. Rb5 Rd4 84. Ke3 Re4+ 85. Kf2 Rd4 86. Ke3 Rd6 87. Kf4 e5+ 88. Rxe5 Rd4+ 89. e4 Rxe4+ 90. Rxe4 fxe4 91. Kxe4 Ke6 92. Kf4 Kf6 93. Kxg4 Kg6 94. Kf4 Kf6 95. g4 Kg6 96. g5 Kg7 97. Kf5 Kf7 98. g6+ Kg7 99. Kg5 Kg8 100. Kf6 Kf8 101. g7+ Kg8 102. Kg6 1/2-1/2

[Event "Budapest FS06 FM"]
[Site "Budapest"]
[Date "2016.06.09"]
[Round "6"]
[White "Karacsonyi, Gellert"]
[Black "Bensaid, Simon"]
[Result "1-0"]
[WhiteElo "2019"]
[BlackElo "1886"]
[PlyCount "77"]
[EventDate "2016.06.04"]
[EventType "tourn"]
[EventRounds "10"]
[EventCountry "HUN"]
[SourceTitle "CBM 172 Extra"]
[Source "ChessBase"]
[SourceDate "2016.06.21"]
[SourceVersion "1"]
[SourceVersionDate "2016.06.21"]
[SourceQuality "1"]

1. e4 c5 2. Nf3 Nc6 3. d4 cxd4 4. Nxd4 e5 5. Nb5 d6 6. c4 Be7 7. Be2 f5 8. N5c3 Nf6 9. Bd3 f4 10. Nd5 0-0 11. Nbc3 Nd4 12. b4 Nxd5 13. Nxd5 f3 14. g3 Bh3 15. Be3 Bg2 16. Rg1 Ne6 17. h4 g5 18. Nxe7+ Qxe7 19. Bxg5 Nxg5 20. hxg5 Qxg5 21. Qd2 Qxd2+ 22. Kxd2 Bh3 23. Ke3 Bg4 24. Rac1 a5 25. b5 b6 26. a4 Kf7 27. Rh1 Kg6 28. Rh4 h5 29. Bf1 Rac8 30. Bh3 Kg5 31. Kd3 Bxh3 32. Rxh3 Rc5 33. Rch1 Rfc8 34. Rxh5+ Kg6 35. Rh6+ Kg7 36. Rh7+ Kg6 37. R1h6+ Kg5 38. Rxd6 Rxc4 39. Rg7+ 1-0

[Event "Budapest FS05 FM"]
[Site "Budapest"]
[Date "2016.05.12"]
[Round "6"]
[White "Bensaid, Simon"]
[Black "Torok, Tamas Titusz"]
[Result "1/2-1/2"]
[WhiteElo "1844"]
[BlackElo "2073"]
[PlyCount "33"]
[EventDate "2016.05.07"]
[EventType "tourn"]
[EventRounds "10"]
[EventCountry "HUN"]
[SourceTitle "CBM 172 Extra"]
[Source "ChessBase"]
[SourceDate "2016.06.21"]
[SourceVersion "1"]
[SourceVersionDate "2016.06.21"]
[SourceQuality "1"]

1. e4 e5 2. Nf3 Nc6 3. Bb5 Nd4 4. Nxd4 exd4 5. 0-0 Bc5 6. b4 Bb6 7. c4 c6 8. Ba4 d6 9. d3 Nf6 10. Nd2 0-0 11. h3 h6 12. Nf3 c5 13. Re1 Bd7 14. e5 Bxa4 15. Qxa4 dxe5 16. bxc5 Bxc5 17. Nxe5 1/2-1/2

[Event "Budapest FS05 FM"]
[Site "Budapest"]
[Date "2016.05.07"]
[Round "1"]
[White "Torok, Tamas Titusz"]
[Black "Bensaid, Simon"]
[Result "1-0"]
[WhiteElo "2073"]
[BlackElo "1844"]
[PlyCount "87"]
[EventDate "2016.05.07"]
[EventType "tourn"]
[EventRounds "10"]
[EventCountry "HUN"]
[SourceTitle "CBM 172 Extra"]
[Source "ChessBase"]
[SourceDate "2016.06.21"]
[SourceVersion "1"]
[SourceVersionDate "2016.06.21"]
[SourceQuality "1"]

1. e4 c6 2. c4 d5 3. cxd5 cxd5 4. exd5 Nf6 5. Qa4+ Nbd7 6. Nc3 g6 7. Nf3 Bg7 8. Bc4 a6 9. d3 0-0 10. Qa3 b6 11. 0-0 Bb7 12. Re1 Re8 13. Be3 b5 14. Bb3 Nb6 15. Bxb6 Qxb6 16. Qb4 Qd8 17. Re5 Nxd5 18. Bxd5 Bxe5 19. Bxb7 Bxc3 20. bxc3 Ra7 21. Bc6 Rf8 22. Be4 Rc7 23. c4 Qd7 24. Re1 Rfc8 25. cxb5 axb5 26. d4 Rc3 27. h3 R8c7 28. Qb2 Qe6 29. Bb1 Qc6 30. Be4 Qe6 31. Qd2 Kg7 32. Qb2 Qc4 33. Kh2 b4 34. Qd2 f6 35. Bb1 Rd7 36. Qe2 Qc7+ 37. Kg1 Rc1 38. Qd2 Rc3 39. Qb2 Qd6 40. Bc2 Rdc7 41. Bb3 Qf4 42. Qe2 Rc1 43. Qe3 Rxe1+ 44. Nxe1 1-0